| 000 | 00420nam a2200157 i 4500 | ||
|---|---|---|---|
| 001 | bg | ||
| 100 | 1 | _aANTONOWICZ BAUER, Lucyna | |
| 245 | 0 |
_aSłownik turecko-polski, polsko-turecki / _cL. Antonowicz-Bauer, A. Dubiński. |
|
| 260 |
_aWarszawa, _c1983. |
||
| 700 | 1 | _aDUBIŃSKI, Aleksander | |
| 040 | _cBPK | ||
| 041 | _apol | ||
| 080 | _a809.43:808.4]-3 | ||
| 942 | _cKS | ||
| 008 | s pl f |000 0 pol | ||
| 999 |
_c21911 _d21911 |
||
| 856 |
_uhttp://koha.tu.koszalin.pl/cgi-bin/koha/opac-detail.pl?biblionumber=21911 _yKatalog online BPK |
||